000 01743cam a22004814 4500
003 PE-LiUPU
005 20250731173403.0
008 2001 xxu b
020 _a0829728945
035 _a(Sirsi) i9780829728941
035 _a(Sirsi) 45710
035 _a(Sirsi) 45710
041 _aes
044 _aus
049 _aPRUA
082 0 4 _a253
_bA31
100 1 _aAguillón, Teófilo
245 _aTeología práctica pastoral /
_cTeófilo Aguillón.
264 1 _aMiami, Florida :
_bEditorial Vida,
_c2001
300 _a182 páginas :
_bilustraciones ;
_c28 centímetros
504 _aIncluye bibliografía
505 0 _aOpciones en el gobierno de la iglesia -- Gobierno episcopal -- Gobierno congregacional -- Gobierno presbiteriano -- La extrema independencia -- Una combinación de gobiernos congregacional y presbiteriano -- Ninguna forma de gobierno es perfecta
526 _aSEG42
526 _aSEG41
526 _aSEG40
526 _aSEG39
526 _aP94
526 _aP87
526 _aP86
526 _aP85
526 _aP77
526 _aP76
526 _aP35
650 1 4 _aTeología Pastoral
_91381
650 1 4 _aPastores (Religión)
_xMinisterio
942 _2ddc
_cBOOK
949 _a253 A31
_i63241
_lCCODEBUL1
_mBUL
_tLIBRO
_o.STAFF. Colección General
859 _q63241
_h253
_iA31
910 _agl
_b
_cjck
_d20110804
596 _a1
999 _a253 A31
_wDEWEY
_c52242
_i63241
_d52242
_e2016-4-25
_f2021-11-10
_g6
_lCCODEBUL1
_mBUL
_n2
_p13.00
_q1
_r0
_sY
_tBOOK
_u2015-7-6
_xTEOLOGIA
_PP35
_0COMPRA
_o.STAFF. Colección Teología
980 _81
_gALBERTO SANCHEZ Responsable de Automatización